La resurrección de Jesús misterio de salvación
Đã lưu trong:
| Tác giả chính: | |
|---|---|
| Định dạng: | Sách |
| Ngôn ngữ: | Tiếng Tây Ban Nha |
| Được phát hành: |
Barcelona
Herder
1979
|
| Phiên bản: | 4a. ed |
| Loạt: | Biblioteca Herder. Sección de Teología, 49
|
| Những chủ đề: | |
| Các nhãn: |
Thêm thẻ
Không có thẻ, Là người đầu tiên thẻ bản ghi này!
|
MARC
| LEADER | 00000nam a2200000 a 4500 | ||
|---|---|---|---|
| 001 | UCY6969 | ||
| 003 | CL-VaPUC | ||
| 008 | 950602e19790000SP |||||||||||||||||spa|d | ||
| 082 | 0 | 4 | |a 232.97 |b DUR |2 21 |
| 100 | |a Durrwell, Francois-Xavier |e author |9 579909 | ||
| 245 | 1 | 3 | |a La resurrección de Jesús misterio de salvación |
| 250 | |a 4a. ed | ||
| 300 | |a 320 p | ||
| 942 | |c BK | ||
| 945 | |d 19950602 00:00:00 |a cmena | ||
| 260 | |a Barcelona |b Herder |c 1979 | ||
| 600 | 0 | |a Jesús |9 313614 | |
| 600 | 0 | |a Pablo de Tarso, Santo |9 321163 | |
| 600 | 0 | |a San Juan Evangelista |9 337229 | |
| 600 | 0 | |a Dios |9 314467 | |
| 650 | 0 | |a Cristianismo |9 257361 | |
| 650 | 0 | |a Teología |9 258766 | |
| 650 | 0 | |a Textos sagrados |9 257605 | |
| 650 | 7 | |a DOCTRINAS RELIGIOSAS |2 CL-VaPUC |9 337177 | |
| 650 | 0 | |a Muerte |9 265114 | |
| 650 | 0 | |a Creencia Religiosa |9 316904 | |
| 650 | 0 | |a Iglesia |9 255004 | |
| 583 | |a last modification |c 19950602 00:00:00 |k Rodrigo Vera | ||
| 490 | 0 | |a Biblioteca Herder. Sección de Teología, 49 | |
| 999 | |c 234447 |d 234445 | ||
| 952 | |0 0 |1 0 |4 0 |6 232_970000000000000_DUR_1979 |7 0 |8 A |9 240772 |a BIBTEO |b BIBTEO |d 2019-11-18 |i 3208222 |o 232.97 DUR 1979 |p 3208222 |r 2025-01-17 |w 2019-11-18 |y BK |k ICR | ||
| 952 | |0 0 |1 2 |4 0 |6 232_970000000000000_DUR_1979 |7 0 |8 A |9 240773 |a BIBTEO |b BIBTEO |d 2019-11-18 |i 2079283 |o 232.97 DUR 1979 |p 2079283 |r 2019-11-18 |w 2019-11-18 |x Descarte 2019 |y BK |k ICR | ||